101 câu hỏi thường gặp trong nông nghiệp

Saved in:
Bibliographic Details
Main Author: TRẦN VĂN HÒA ... [et al.]
Format: Book
Language:Undetermined
Published: Tp. HCM Trẻ 2002
Subjects:
Tags: Add Tag
No Tags, Be the first to tag this record!
Institutions: Trung tâm Học liệu Trường Đại học Cần Thơ
LEADER 00504nam a2200169Ia 4500
001 CTU_45276
008 210402s9999 xx 000 0 und d
082 |a 630 
082 |b K600/T10 
100 |a TRẦN VĂN HÒA ... [et al.] 
245 0 |a 101 câu hỏi thường gặp trong nông nghiệp 
245 0 |c TRẦN VĂN HÒA ... [et al.] 
260 |a Tp. HCM 
260 |b Trẻ 
260 |c 2002 
650 |a shrimp culture 
980 |a Trung tâm Học liệu Trường Đại học Cần Thơ